00596 2200193 4500001002100000005001500021008004100036020001800077035002500095041000800120082001500128090001500143100002400158245010700182250001600289260004300305300002500348650002900373INLIS00000000000703620130515165349 ind  a979-442-028-X a0010-051300000007036 aind a292.451.13 a292.451.13 aWalter, L. Williams aMozaik Kehidupan Orang Jawa : Wanita dan Pria Dalam Masyarakat Indonesia Moderen/ penerjemah, Ramelan, aCetakan : 0 aJakartabPustaka Binaan Presindoc1995 axx, 261 hlm. ;24 cm. aTata Krama dan Kebiasaan